Štruktúra, funkcia a variabilita povrchovej membrány buniek.

Saved in:
Bibliographic Details
Main Author: Gliševič, Andrej (Author)
Other Authors: Zahradniková, Alexandra (Thesis advisor)
Format: Manuscript Book
Language:Slovak
Published: 2016
Subjects:
Online Access:http://is.stuba.sk/zp/portal_zp.pl?podrobnosti=109549
Tags: Add Tag
No Tags, Be the first to tag this record!

MARC

LEADER 00000ntm a22000003a 4500
001 stuzp55371
003 SK-STU
005 20160719154739.5
007 ta
008 150427s2015----xo-----f-mn---000-0-slo-d
040 |a STU  |b slo 
041 0 |a slo 
100 1 |a Gliševič, Andrej  |u 043000  |4 aut  |U FCHPT Fakulta chemickej a potravinárskej technológie  |T FCHPT Ústav biochémie a mikrobiológie  |X 63677  |U C3000  |Y 101  |7 63677 
242 0 1 |a Structure, function and variability of cell membrane  |y eng 
245 1 0 |a Štruktúra, funkcia a variabilita povrchovej membrány buniek. 
260 |c 2016 
650 4 |a patch-clamp  |2 slo 
650 4 |a plazmalema  |2 slo 
650 4 |a lipidická dvojvrstva  |2 slo 
650 4 |a membránová kapacita  |2 slo 
650 4 |a membránový odpor  |2 slo 
650 4 |a srdcový myocyt  |2 slo 
650 4 |a membrane resistance  |2 eng 
650 4 |a patch-clamp  |2 eng 
650 4 |a plasmalemma  |2 eng 
650 4 |a membrane capacity  |2 eng 
650 4 |a cardiomyocytes  |2 eng 
650 4 |a lipid bilayer  |2 eng 
700 1 |a Zahradniková, Alexandra  |4 ths  |X 83073  |7 83073 
856 4 |u http://is.stuba.sk/zp/portal_zp.pl?podrobnosti=109549 
SQL |a stuzp55371  |b DBP  |c SLO  |d Štruktúra, funkcia a variabilita povrchovej membrány buniek.  |e 63677  |f Gliševič, Andrej  |g 043000  |h 83073  |i Zahradniková, Alexandra  |j 20160712  |k 752  |l 04  |m http://is.stuba.sk/zp/portal_zp.pl?podrobnosti=109549  |n B-BIOPOT  |o 5.2.25. biotechnológie